000 00307nam a2200121Ia 4500
008 220204s9999 xx 000 0 und d
082 _a54-4
_bPIZ.3;2
245 0 _aSynthetic reagents. V 3
260 _aChichester
_bEllis Horwood
_c1977
650 _aSynthetic reagents
700 _aPizey, J S
942 _cBK
999 _c28721
_d28721